1289 1562 1360 1635 1947 1511 1140 1308 1557 1647 1075 1652 1897 1444 1501 1727 1040 1568 1880 1081 1861 1472 1772 1277 1133 1828 1478 1605 1269 1424 1259 1561 1439 1702 1332 1143 1375 1194 1395 1474 1395 1738 1783 1247 1392 1822 1822 1952 1511 1578 1436 1036 1336 1957 1701 1260 1733 1970 1340 1567 1888 1384 1771 1970 1989 1125 1268 1234 1391 1336 1622 1189 1594 1871 1375 1667 1826 1973 1386 1879 1489 1800 1165 1362 1225 1649 1295 1202 1997 1824 1510 1635 1542 1933 1549 1303 1814 1795 1138 BCNSPRNW ULIB Ver.6.0+V

เปลี่ยนเป็นภาษาไทย

Change to English
 แสดงรายละเอียดบรรณานุกรม
  กลับหน้าหลัก

Brief Record : Get Marc (ISO 2709) : E-mail record : QR code < ปิดหน้าต่าง
LEADER : 00000nam 2200000uu 4500
001    13399110477
003     ULIB
008    110601s2011||||th 000 0 eng d
020    9781608311651 (alk. paper)
020    9781451104646
060 04 WY49^bR163S 2011
100 1  Ralph, Sheila Sparks
245 10 Sparks & Taylor s nursing diagnosis reference manual /^cSheila Sparks Ralph, Cynthia M. Taylor
246 3  Sparks and Taylor s nursing diagnosis reference manual
246 30 Nursing diagnosis reference manual
250    8th ed.
260    Philadelphia :^bWolters Kluwer Health/Lippincott Williams& Wilkins,^c2011
300    xxix, 850 p. ;^c23 cm.
504    Includes bibliographical references and index
650  0 Nursing diagnosis^vHandbooks, manuals, etc.
650  2 Nursing Diagnosis^vHandbooks
650  2 Patient Care Planning^vHandbooks
700 1  Taylor, Cynthia M.
945    ^p2630^l0^i030108
995    Kesorn
999 ^a ใช้งานได้ทุกระบบ
รายการนี้ยังไม่มีแท็ก
คุณยังไม่ได้ล็อกอิน คุณสามารถมีกิจกรรมร่วมกับเว็บไซต์ได้ แต่ต้องล็อกอินก่อน ::
  ล็อกอิน

รายการสื่อสารสนเทศ

ลำดับที่ ประเภท เลขเรียก/บาร์โค้ด สถานที่ สถานะ
- ไม่พบข้อมูล -

BibComment


ยังไม่เคยถูกคอมเมนท์

คอมเมนท์ทรัพยากรรายการนี้
  คอมเมนท์: Sparks Taylor s ..


 Copyright 2026. Bcnsprnw @Library